000 00512nab a2200193 a 4500
005 20210219155343.0
008 991125s1985 mx 000 0 spa u
035 _aUPN01000143358
100 1 _aDíaz Ruíz, Janet Guadalupe
222 _aPALABRAS HABITADAS
245 _a¡Construyamos ahora!
260 _aAguascalientes, México
300 _a124-130
362 0 _a2004 Año 1, no. 3, may.-ago.
653 0 _aLIBERTAD
653 0 _aHOMBRE
653 0 _aFREIRE, PAULO, 1921-1997
905 _aArticulo
999 _c115505
_d115505